| 000 | 00619cam a22002053a 4500 | ||
|---|---|---|---|
| 001 | 45011 | ||
| 003 | PGUSA | ||
| 005 | 20140828084028.0 | ||
| 008 | 140225s2014||||xxu|||||s|||||000 | eng d | ||
| 040 |
_aPGUSA _beng |
||
| 042 | _adc | ||
| 245 | 1 | 4 |
_aThe Logs of the Serapis-Allance-Ariel under the Command of John Paul Jones 1779-1780 _h[electronic resource] / _cAnonymous |
| 260 |
_bProject Gutenberg, _c2014 |
||
| 506 | _aPublic domain in the USA. | ||
| 516 | _aElectronic text | ||
| 700 | 1 | _aBarnes, John S. | |
| 830 | 0 |
_aProject Gutenberg _v45011 |
|
| 856 | 4 | 0 | _uhttp://www.gutenberg.org/ebooks/45011 |
| 942 | _cEB | ||
| 999 |
_c274262 _d274262 |
||